000 00717nam a2200229Ia 4500
001 2937
003 GE_BSU
008 181216s||||||||xx |||||||||||||| ||und||
020 _a5279018341
040 _cGE_BSU
080 _a69.00+338.5
100 _aЛиберман, И. А.
245 _aЦены и себестоимость строительной продукии.
245 _cВед. ред. Н.Ф. Карпычева.
260 _aЬосква
260 _bФинансы и Статистика
260 _c1997
300 _a240 ст. 35 см.
541 _h8 Л. 35 Т.
653 _aЦены и себестоимость строительной продукции.
942 _cBK
999 _c36985
_d36985